000
00209nam a2200085Ia 4500
008
120527s9999 xx 000 0 und d
100
_a
BEAUMONT, J.H
245
_a
A-hand operated bast fibre ribboner
942
_c
BK
999
_c
25146
_d
25146